ARRUPE JESUIT UNIVERSITY

CORONAVIRUS -STOP THE SPREAD - CLEAN,DISINFECT,COVER

Virginia Woolf (Record no. 123873)

MARC details
000 -LEADER
fixed length control field 00438nam a22001457a 4500
005 - DATE AND TIME OF LATEST TRANSACTION
control field 20151217090651.0
008 - FIXED-LENGTH DATA ELEMENTS--GENERAL INFORMATION
fixed length control field 151210b xxu||||| |||| 00| 0 eng d
050 ## - LIBRARY OF CONGRESS CALL NUMBER
Classification number PR6045.O72
Item number A6
100 ## - MAIN ENTRY--PERSONAL NAME
Personal name Woolf, Virginia
9 (RLIN) 21303
245 ## - TITLE STATEMENT
Title Virginia Woolf
Remainder of title Books and Portraits
Statement of responsibility, etc edited by Lyon, Mary
260 ## - PUBLICATION, DISTRIBUTION, ETC. (IMPRINT)
Place of publication, distribution, etc London
Name of publisher, distributor, etc Triad Grafton Books
Date of publication, distribution, etc 1977
300 ## - PHYSICAL DESCRIPTION
Extent 253p.;
Dimensions 18cm.
700 ## - ADDED ENTRY--PERSONAL NAME
Personal name Lyon, Mary
Relator term ed.
9 (RLIN) 21303
942 ## - ADDED ENTRY ELEMENTS (KOHA)
Source of classification or shelving scheme Library of Congress Classification
Item type Monograph ( Printed materials)
Holdings
Withdrawn status Lost status Source of classification or shelving scheme Damaged status Not for loan Collection code Home library Current library Shelving location Date acquired Total Checkouts Full call number Barcode Date last seen Price effective from Koha item type
    Library of Congress Classification     Main Collection ARRUPE LIBRARY ARRUPE LIBRARY Main Collection 10/12/2015   PR6045.O72A6 46500005752 10/12/2015 10/12/2015 Monograph ( Printed materials)

 

Arrupe Library. PO Box MP320 Mt Pleasant, Harare, Zimbabwe
263 242 745411|librarian@aju.ac.zw